|
|
|
|
| LEADER |
00000nam0a2200000 4500 |
| 001 |
325017 |
| 005 |
20231102003725.0 |
| 035 |
|
|
|a (RuTPU)RU\TPU\book\350628
|
| 090 |
|
|
|a 325017
|
| 100 |
|
|
|a 20161125d1948 km y0rusy50 ca
|
| 101 |
0 |
|
|a rus
|
| 102 |
|
|
|a RU
|
| 105 |
|
|
|a a z 001zy
|
| 200 |
1 |
|
|a Водоснабжение и канализация нефтеперерабатывающих заводов
|f В. В. Абрамов, Я. А. Карелин
|
| 210 |
|
|
|a Москва
|a Ленинград
|c Гостоптехиздат
|d 1948
|
| 215 |
|
|
|a 228 с.
|c ил.
|
| 320 |
|
|
|a Библиогр.: с. 219
|
| 606 |
1 |
|
|a Нефтеперерабатывающие заводы
|x Водоснабжение
|2 stltpush
|3 (RuTPU)RU\TPU\subj\33879
|9 55995
|
| 610 |
1 |
|
|a канализация
|
| 610 |
1 |
|
|a технологические условия
|
| 610 |
1 |
|
|a водопроводное хозяйство
|
| 610 |
1 |
|
|a противопожарное водоснабжение
|
| 610 |
1 |
|
|a сточные воды
|
| 610 |
1 |
|
|a очистка
|
| 610 |
1 |
|
|a химические загрязнения
|
| 610 |
1 |
|
|a эксплуатация
|
| 675 |
|
|
|a 665.63.013
|v 4
|
| 700 |
|
1 |
|a Абрамов
|b В. В.
|
| 701 |
|
1 |
|a Карелин
|b Я. А.
|
| 801 |
|
1 |
|a RU
|b 63413507
|c 20161125
|
| 801 |
|
2 |
|a RU
|b 63413507
|c 20200630
|g RCR
|
| 942 |
|
|
|c BK
|